| 000 | 00451nam a2200181Ia 4500 | ||
|---|---|---|---|
| 001 | 4940 | ||
| 005 | 20260306145831.0 | ||
| 008 | 260306t2000||||xx |||||||||||||| ||spa|| | ||
| 041 | _aESP | ||
| 082 |
_a332.018532 _bR76 |
||
| 100 |
_aRodrÃguez Noboa, Percy _eAUT |
||
| 245 | 0 | _aBases para la reactivación de Arequipa y el Sur en el mediano plazo | |
| 260 | _c2000 | ||
| 300 |
_a _c |
||
| 650 | _aGEN | ||
| 654 | _aCAN | ||
| 942 |
_cLIB _dJUS _fJUS _2ddc _n |
||
| 999 |
_c4940 _d4940 |
||